Horngren's cost accounting : (Record no. 124159)
[ view plain ]
| 000 -LEADER | |
|---|---|
| fixed length control field | 00603cam a22002178i 4500 |
| 001 - CONTROL NUMBER | |
| control field | 21458131 |
| 005 - DATE AND TIME OF LATEST TRANSACTION | |
| control field | 20210928111625.0 |
| 008 - FIXED-LENGTH DATA ELEMENTS--GENERAL INFORMATION | |
| fixed length control field | 200305s2021 nju 001 0 eng |
| 020 ## - INTERNATIONAL STANDARD BOOK NUMBER | |
| International Standard Book Number | 9781292363073 |
| 040 ## - CATALOGING SOURCE | |
| Transcribing agency | PK-LaUMT |
| 082 00 - DEWEY DECIMAL CLASSIFICATION NUMBER | |
| Classification number | 657.42 |
| Edition number | 23 |
| Item number | DAT-H |
| 100 1# - MAIN ENTRY--PERSONAL NAME | |
| Personal name | Datar, Srikant M. |
| 245 10 - TITLE STATEMENT | |
| Title | Horngren's cost accounting : |
| Remainder of title | a managerial emphasis / |
| Statement of responsibility, etc | by Srikant M. Datar, and Madhav V. Rajan |
| 250 ## - EDITION STATEMENT | |
| Edition statement | 17th ed. |
| 260 ## - PUBLICATION, DISTRIBUTION, ETC. (IMPRINT) | |
| Place of publication, distribution, etc | Harlow : |
| Name of publisher, distributor, etc | Pearson, |
| Date of publication, distribution, etc | 2021 |
| 300 ## - PHYSICAL DESCRIPTION | |
| Extent | 1024 p. |
| 500 ## - GENERAL NOTE | |
| General note | Includes index. |
| 650 #0 - SUBJECT ADDED ENTRY--TOPICAL TERM | |
| Topical term or geographic name as entry element | Cost accounting. |
| 700 1# - ADDED ENTRY--PERSONAL NAME | |
| Personal name | Rajan, Madhav V., |
| 942 ## - ADDED ENTRY ELEMENTS (KOHA) | |
| Koha item type | Books |
| Withdrawn status | Lost status | Damaged status | Home library | Current library | Date acquired | Full call number | Barcode | Date last seen | Price effective from | Koha item type |
|---|---|---|---|---|---|---|---|---|---|---|
| UMT Main Campus | UMT Main Campus | 2021-09-28 | 657.42 DAT-H | 138834 | 2024-03-12 | 2021-09-28 | Books |
